Els Serveis municipals a Catalunya / direcció, Pere Lleonart
Descripción Física:
387 p. ; 30 cm
Otros Autores:
Lleonart, Pere
Materias:
Serveis públics -- Catalunya
MARC
| LEADER | 00000nam a2200000Ia 4500 | ||
|---|---|---|---|
| 001 | 1155 | ||
| 008 | 160829s1982 xx 000 0 cat d | ||
| 080 | |a M-3-219 | ||
| 245 | |a Els Serveis municipals a Catalunya / direcció, Pere Lleonart | ||
| 260 | |a Barcelona : |b Departament de Governació, |c 1982 | ||
| 300 | |a 387 p. ; |c 30 cm | ||
| 650 | 0 | |a Serveis públics |x Catalunya |9 32107 | |
| 700 | 1 | |a Lleonart, Pere |9 41166 |e director | |
| 901 | |a Arxiu | ||
| 942 | |n 1 |2 udc | ||
| 952 | |0 0 |1 0 |4 0 |6 M3219 |7 1 |9 44923 |a Arxiu |b Arxiu |d 2016-12-01 |l 0 |o M-3-219 |p 1155 |r 2016-12-01 00:00:00 |w 2016-12-01 |y ARXIU | ||
| 999 | |c 47522 |d 47522 | ||